Normal view
MARC view
- COX, C.B
Entry Personal Name
001 - CONTROL NUMBER
- control field: 64961
003 - CONTROL NUMBER IDENTIFIER
- control field: NUST
005 - DATE AND TIME OF LATEST TRANSACTION
- control field: 20210628203346.0
008 - FIXED-LENGTH DATA ELEMENTS
- fixed length control field: 210628|| aca||aabn | a|a d
040 ## - CATALOGING SOURCE
- Original cataloging agency: NUST
- Transcribing agency: NUST
100 ## - HEADING--PERSONAL NAME
- Personal name: COX, C.B
670 ## - SOURCE DATA FOUND
- Source citation: Work cat.: (NUST): COX, C.B, Conrad, heart of darkness, nostromo and under western eyes, 1988
